The little tin soldier

Bibliographic Details
Other Authors: Mott, Lynn
Format: Book
Published: Kuala Lumpur : Kohwai & Young Publications , 2003
Series:Well-loved fairy tales series
Subjects:

MARC

LEADER 00000cam a2200000 7i4500
001 0000001633
005 20220105103923.0
020 |a 9831914856 
090 0 0 |a JP   |b FT ENG (1675) 
245 1 4 |a The little tin soldier   |c Adapted by Lynn Mott 
260 |a Kuala Lumpur :   |b Kohwai & Young Publications ,   |c 2003 
440 |a Well-loved fairy tales series 
500 |a Children age 4-6 years old (yellow) 
650 0 |a Fairy tales 
700 0 |a Mott, Lynn 
999 |a 0000965885   |b Book   |c Children Collection   |e Perbadanan Perpustakaan Awam Johor 
999 |a 0000965886   |b Book   |c Children Collection   |e Perbadanan Perpustakaan Awam Johor